000
00297nam a2200133Ia 4500
008
260604s9999 xx 000 0 und d
020
_a
9789365479515
082
_a
808.3 BLU
100
_a
BLUEONE
_9
35424
245
0
_a
Think Before you react
260
_b
BLUEONE
500
_a
react
942
_c
BK
999
_c
8239
_d
8239